Bulgarije Trivia Quiz - Statistieken

Algemene statistieken
  • Deze quiz is 523 keer genomen
  • De gemiddelde score is 11 van 17
Antwoordstatistieken
Hint Antwoord % Correct
Hoofdstad Sofia
99%
Aangrenzende landen Roemenië
91%
Aangrenzende landen Griekenland
90%
Zee waar Bulgarije aan grenst Zwarte Zee
88%
Aangrenzende landen Noord-Macedonië
86%
Aangrenzende landen Servië
86%
Aangrenzende landen Turkije
81%
Rivier die een groot deel van de noordgrens van Bulgarije vormt Donau
69%
Rijk waaruit Bulgarije in 1878 de facto onafhankelijk werd Ottomaanse Rijk
66%
Schiereiland waar Bulgarije op ligt Balkan
65%
Dit alfabet werd voor het eerst ontwikkeld in Bulgarije in de 9e eeuw Cyrillisch
51%
Noem een van de twee sporten waarin Bulgarije de meeste Olympische medailles heeft gewonnen Worstelen | Gewichtheffen
43%
Meest bevolkte Bulgaarse stad aan die zee Varna
42%
Valuta van Bulgarije Lev
38%
Bulgarije staat op de 9e plaats in de consumptie per hoofd hiervan Alcohol
37%
Lekker eten gemaakt met hulp van Lactobacillus bulgaricus Yoghurt
30%
Zuid-Bulgarije maakt deel uit van deze oude regio die begint met T Thracië
25%
Geen overeenkomende quizzen gevonden
Scoreverdeling
Procent van Mensen met Elke Score
Percentiel versus Aantal Correcte Antwoorden
Uw Scoregeschiedenis
U heeft deze quiz nog niet genomen